| 000 | 00911nam a2200265 i 4500 | ||
|---|---|---|---|
| 003 | BPK | ||
| 005 | 20210114145001.0 | ||
| 008 | 000320s1978 pl a f f |000 0 pol | ||
| 015 | _aPB 1980/9273 | ||
| 040 |
_aWA N _cBPK |
||
| 041 | 0 | _apol | |
| 080 | _a543 | ||
| 080 | _a(075.8) | ||
| 100 | 1 |
_aMinczewski, Jerzy _d(1916-1995) _eAutor |
|
| 245 | 1 | 0 |
_aChemia analityczna. _nT. 3, _pAnaliza instrumentalna / _cJerzy Minczewski, Zygmunt Marczenko. |
| 250 | _a[Wyd. 2]. | ||
| 260 |
_aWarszawa : _bPańst. Wydaw. Naukowe, _c1978. |
||
| 300 |
_a 375 s. : _bil. tab. wykr. ; _c25 cm. |
||
| 655 | 4 | _aPodręczniki akademickie | |
| 650 | 4 | _aChemia analityczna | |
| 710 | 2 |
_aPaństwowe Wydawnictwo Naukowe _4pbl. |
|
| 700 | 1 |
_aMarczenko, Zygmunt _d(1922-2002) _eAutor |
|
| 942 |
_2UKD _cKS |
||
| 856 |
_uhttp://koha.tu.koszalin.pl/cgi-bin/koha/opac-detail.pl?biblionumber=127 _yKatalog online BPK |
||
| 999 |
_c127 _d127 |
||